Представление документа в формате MARC21

Поле Инд. ПП Название Значение
Тип записи a
Библиографический уровень a
001 Контрольный номер RU/IS/BASE/262109766
005 Дата корректировки 20240122091406.3
084 a Индекс другой классификации/Индекс ББК 81.63-00
090 00 a Полочн. индекс 81я43
x Авторский знак П 781
100 10 a Автор Баскаков Н. А.
245 00 a Заглавие Развитие грамматической структуры языков в связи с расширением их общественных функций (на материале тюркских языков)
650 04 a Основная рубрика филологические науки; языкознание
653 00 a Ключевые слова грамматический строй
a Ключевые слова лексический состав
a Ключевые слова общественные функции языка
a Ключевые слова развитие языка
a Ключевые слова синтаксический строй
a Ключевые слова словоизменение
a Ключевые слова стилистика
a Ключевые слова тюркские языки
a Ключевые слова фонетическая система
a Ключевые слова частное языкознание
773 00 d Дата издания источника Москва, 1967
g Прочая информация С. 119-122
t Заглавие источника Проблемы языкознания
w Контрольный № источника RU/IS/BASE/102085341
901 t Тип документа a